Statistics for Movies By 1 Actor and 1 Actress - Bruce Willis Edition

Click here to take the quiz!

General Stats

  • This quiz has been taken 24 times
  • The average score is 11 of 26

Answer Stats

CastMovie% Correct
John Travolta, Uma ThurmanPulp Fiction
96%
Alan Rickman, Bonnie BedeliaDie Hard
92%
Haley Joel Osment, Toni ColletteThe Sixth Sense
83%
Ben Affleck, Liv TylerArmageddon
71%
Milla Jovovich, Chris TuckerThe Fifth Element
63%
Morgan Freeman, Helen MirrenRED
58%
Jessica Alba, Elijah WoodSin City
54%
Samuel L. Jackson, Colleen CampDie Hard with a Vengeance
46%
John Travolta, Kirstie AlleyLook Who's Talking
46%
Joseph Gordon Levitt, Emily BluntLooper
46%
Samuel L. Jackson, Robin WrightUnbreakable
46%
Brad Pitt, Madeleine StoweTwelve Monkeys
42%
Michael Clarke Duncan, Rosanna ArquetteThe Whole Nine Yards
38%
Sylvester Stallone, Nan YuThe Expendables 2
33%
Damon Wayans, Halle BerryThe Last Boy Scout
33%
Edward Norton, Frances McDormandMoonrise Kingdom
29%
Steve Carell, Wanda SkyesOver the Hedge
29%
Danny Aiello, Andy MacDowellHudson Hawk
25%
Josh Hartnett, Lucy LiuLucky Number Slevin
25%
Rose McGowan, Josh BrolinPlanet Terror
25%
Denzel Washington, Annette BeningThe Siege
25%
Bill Murray, Zooey DeschanelRock the Kasbah
21%
Vincent D'Onofrio, Elizabeth ShueDeath Wish
17%
Bruce Dern, Karina LombardLast Man Standing
17%
Edward Norton, Gugu Mbatha RawMotherless Brooklyn
17%
Ving Rhames, Rosamund PikeSurrogates
13%

Score Distribution

Percentile by Number Answered

Percent of People with Each Score

Your Score History

You have not taken this quiz